<?xml version="1.0" encoding="UTF-8"?>
<record
    xmlns:xsi="http://www.w3.org/2001/XMLSchema-instance"
    xsi:schemaLocation="http://www.loc.gov/MARC21/slim http://www.loc.gov/standards/marcxml/schema/MARC21slim.xsd"
    xmlns="http://www.loc.gov/MARC21/slim">

  <leader>01457nam a22002897a 4500</leader>
  <datafield tag="952" ind1=" " ind2=" ">
    <subfield code="0">0</subfield>
    <subfield code="1">0</subfield>
    <subfield code="2">lcc</subfield>
    <subfield code="4">0</subfield>
    <subfield code="7">0</subfield>
    <subfield code="a">07</subfield>
    <subfield code="b">07</subfield>
    <subfield code="d">2017-05-15</subfield>
    <subfield code="l">3</subfield>
    <subfield code="o">K103.C6 J37</subfield>
    <subfield code="p">06 003512</subfield>
    <subfield code="r">2023-09-26</subfield>
    <subfield code="s">2019-07-01</subfield>
    <subfield code="t">1</subfield>
    <subfield code="w">2017-05-15</subfield>
    <subfield code="y">LB</subfield>
  </datafield>
  <datafield tag="952" ind1=" " ind2=" ">
    <subfield code="0">0</subfield>
    <subfield code="1">0</subfield>
    <subfield code="4">0</subfield>
    <subfield code="7">0</subfield>
    <subfield code="a">07</subfield>
    <subfield code="b">07</subfield>
    <subfield code="d">2017-05-22</subfield>
    <subfield code="l">0</subfield>
    <subfield code="o">K103.C6 J37</subfield>
    <subfield code="p">07 006109</subfield>
    <subfield code="r">2017-05-22</subfield>
    <subfield code="t">1</subfield>
    <subfield code="w">2017-05-22</subfield>
    <subfield code="y">LB</subfield>
  </datafield>
  <datafield tag="952" ind1=" " ind2=" ">
    <subfield code="0">0</subfield>
    <subfield code="1">0</subfield>
    <subfield code="4">0</subfield>
    <subfield code="7">0</subfield>
    <subfield code="a">18</subfield>
    <subfield code="b">18</subfield>
    <subfield code="d">2017-05-29</subfield>
    <subfield code="l">0</subfield>
    <subfield code="o">K103.C6 J37</subfield>
    <subfield code="p">18 004300</subfield>
    <subfield code="r">2017-05-29</subfield>
    <subfield code="t">1</subfield>
    <subfield code="w">2017-05-29</subfield>
    <subfield code="y">LB</subfield>
  </datafield>
  <datafield tag="952" ind1=" " ind2=" ">
    <subfield code="0">0</subfield>
    <subfield code="1">0</subfield>
    <subfield code="4">0</subfield>
    <subfield code="7">0</subfield>
    <subfield code="a">01</subfield>
    <subfield code="b">01</subfield>
    <subfield code="d">2017-07-13</subfield>
    <subfield code="l">1</subfield>
    <subfield code="o">345.056 J292n</subfield>
    <subfield code="p">01 013980</subfield>
    <subfield code="r">2019-06-11</subfield>
    <subfield code="s">2019-06-11</subfield>
    <subfield code="t">1</subfield>
    <subfield code="w">2017-07-13</subfield>
    <subfield code="y">LB</subfield>
  </datafield>
  <datafield tag="999" ind1=" " ind2=" ">
    <subfield code="c">101948</subfield>
    <subfield code="d">101948</subfield>
  </datafield>
  <controlfield tag="005">20231102152027.0</controlfield>
  <controlfield tag="008">170515s2016    mx ||||| |||| 00| 0 spa d</controlfield>
  <datafield tag="020" ind1=" " ind2=" ">
    <subfield code="a">9786070921568</subfield>
  </datafield>
  <datafield tag="050" ind1=" " ind2="4">
    <subfield code="a">K103.C6</subfield>
    <subfield code="b">J37</subfield>
  </datafield>
  <datafield tag="082" ind1=" " ind2="4">
    <subfield code="a">345.056</subfield>
    <subfield code="b">J292n</subfield>
  </datafield>
  <datafield tag="100" ind1="1" ind2=" ">
    <subfield code="a">Jarqu&#xED;n Orozco, Wendy Mercedes</subfield>
    <subfield code="e">autor</subfield>
  </datafield>
  <datafield tag="245" ind1="1" ind2="0">
    <subfield code="a">La naturaleza subjetiva del amparo</subfield>
    <subfield code="b">: an&#xE1;lisis hist&#xF3;rico-comparado y de Derecho Espa&#xF1;ol</subfield>
    <subfield code="c">/ pr&#xF3;logo Francisco Javier D&#xED;az Revorio</subfield>
  </datafield>
  <datafield tag="260" ind1=" " ind2="3">
    <subfield code="a">M&#xE9;xico</subfield>
    <subfield code="b">: Porr&#xFA;a</subfield>
    <subfield code="b"> : IMDPC</subfield>
    <subfield code="c">, 2016</subfield>
  </datafield>
  <datafield tag="300" ind1=" " ind2=" ">
    <subfield code="a">xxxii, 764 p&#xE1;ginas</subfield>
  </datafield>
  <datafield tag="490" ind1=" " ind2=" ">
    <subfield code="a">Biblioteca Porr&#xFA;a de Derecho Procesal Constitucional</subfield>
    <subfield code="v">112</subfield>
  </datafield>
  <datafield tag="500" ind1=" " ind2=" ">
    <subfield code="a">Incluye: 
anexos (p. 765)</subfield>
  </datafield>
  <datafield tag="504" ind1=" " ind2=" ">
    <subfield code="a">bibliograf&#xED;a (pp. 719-764)</subfield>
  </datafield>
  <datafield tag="505" ind1=" " ind2=" ">
    <subfield code="a">La naturaleza del Amparo desde una perspectiva hist&#xF3;rico-comparada
La naturaleza del Amparo en el ordenamiento jur&#xED;dico espa&#xF1;ol
Conclusiones del estudio</subfield>
  </datafield>
  <datafield tag="519" ind1=" " ind2=" ">
    <subfield code="a">Plan Flexible / </subfield>
    <subfield code="b">Maestr&#xED;a en Amparo / </subfield>
    <subfield code="c">Juicio de Amparo Directo (P04-3) / </subfield>
    <subfield code="d">(06 003512)</subfield>
  </datafield>
  <datafield tag="519" ind1=" " ind2=" ">
    <subfield code="a">Plan Flexible / </subfield>
    <subfield code="b">Maestr&#xED;a en Amparo / </subfield>
    <subfield code="c">Juicio de Amparo Directo (P04-3) / </subfield>
    <subfield code="d">(07 006109)</subfield>
  </datafield>
  <datafield tag="519" ind1=" " ind2=" ">
    <subfield code="a">Plan Flexible / </subfield>
    <subfield code="b">Maestr&#xED;a en Amparo / </subfield>
    <subfield code="c">Juicio de Amparo Directo (P04-3) / </subfield>
    <subfield code="d">(18 004300)</subfield>
  </datafield>
  <datafield tag="519" ind1=" " ind2=" ">
    <subfield code="a">Plan Flexible / </subfield>
    <subfield code="b">Maestr&#xED;a en Amparo / </subfield>
    <subfield code="c">Juicio de Amparo Directo (P04-3) / </subfield>
    <subfield code="d">(01 013980)</subfield>
  </datafield>
  <datafield tag="650" ind1="1" ind2="4">
    <subfield code="a">JUICIO DE AMPARO</subfield>
    <subfield code="x">HISTORIA</subfield>
    <subfield code="z">AMERICA LATINA</subfield>
  </datafield>
  <datafield tag="650" ind1="2" ind2="4">
    <subfield code="a">DERECHO COMPARADO</subfield>
  </datafield>
  <datafield tag="700" ind1="1" ind2=" ">
    <subfield code="a">D&#xED;az Revorio, Francisco Javier</subfield>
    <subfield code="e">prologuista</subfield>
  </datafield>
  <datafield tag="942" ind1=" " ind2=" ">
    <subfield code="c">LB</subfield>
  </datafield>
</record>
